[Event "21st Panam-ch"]
[Site "Mar del Plata ARG"]
[Date "2012.10.17"]
[Round "7.52"]
[White "Paniagua Chnelik, Sebastian"]
[Black "Heinecke, Victor"]
[Result "1-0"]
[WhiteElo "2204"]
[BlackElo "2025"]
[EventDate "2012.10.12"]
[PlyCount "65"]

1.d4 d6 2.Nf3 Nf6 3.c4 g6 4.Nc3 Bg7 5.e4 O-O 6.Be2 c5 7.O-O cxd4 8.Nxd4 
Nc6 9.Nc2 Be6 10.Be3 a5 11.f3 Nd7 12.Qd2 Nc5 13.Kh1 Ne5 14.Nd5 Bxd5 15.
cxd5 Qb6 16.Rab1 Rfc8 17.Bd4 Ned7 18.Bxg7 Kxg7 19.Qd4+ Kg8 20.f4 Na6 21.
Qd2 Nb4 22.Nd4 Nxa2 23.Bg4 Rc7 24.Bxd7 Rxd7 25.f5 Qb4 26.Qe3 Rc8 27.fxg6 
hxg6 28.Qf4 Qxd4 29.Qxf7+ Kh8 30.Rf3 Qe5 31.Rh3+ Qh5 32.Rxh5+ gxh5 33.
Qxh5+ 1-0

[Event "21st Panam-ch"]
[Site "Mar del Plata ARG"]
[Date "2012.10.17"]
[Round "7.53"]
[White "Aberbach, Angel"]
[Black "Miranda Junior, Roberto Calheiros"]
[Result "0-1"]
[WhiteElo "2023"]
[BlackElo "2200"]
[EventDate "2012.10.12"]
[PlyCount "66"]

1.c4 e5 2.Nc3 Nf6 3.g3 Bb4 4.Bg2 Bxc3 5.bxc3 O-O 6.d3 Re8 7.e4 d6 8.h3 c6 
9.Rb1 d5 10.cxd5 cxd5 11.exd5 Nxd5 12.Qb3 Nb6 13.Qc2 Bf5 14.Be4 Bxe4 15.
dxe4 Qf6 16.Kf1 N8d7 17.Kg2 Qc6 18.Nf3 Rec8 19.Bd2 Nc4 20.Bc1 Nc5 21.Re1 
Rd8 22.Nd2 Nxd2 23.Bxd2 Rxd2 24.Qxd2 Nxe4 25.Qe3 Nxc3+ 26.Kh2 Nxb1 27.Rxb1
b6 28.Rc1 Qd6 29.Qe4 h6 30.Rc6 Qd2 31.Rc2 Qd7 32.Rc6 Rd8 33.Qa4 Qd4 0-1

[Event "21st Panam-ch"]
[Site "Mar del Plata ARG"]
[Date "2012.10.17"]
[Round "7.54"]
[White "Pardo Agudelo, Alejandro"]
[Black "Evans, Pablo"]
[Result "0-1"]
[WhiteElo "2181"]
[BlackElo "2017"]
[EventDate "2012.10.12"]
[PlyCount "73"]

1.d4 Nf6 2.Nf3 b6 3.e3 Bb7 4.Nbd2 e6 5.Bd3 d5 6.O-O Nbd7 7.Ne5 Bd6 8.f4 
Qe7 9.b3 O-O-O 10.Qe2 Nb8 11.a4 a5 12.Bb2 Nfd7 13.e4 f6 14.Nxd7 Qxd7 15.e5
fxe5 16.fxe5 Bb4 17.c3 Be7 18.b4 axb4 19.a5 bxa5 20.Rxa5 Rdf8 21.Rfa1 Rf7 
22.cxb4 Rhf8 23.Bc3 Bd8 24.Nb3 Rf2 25.Qe3 Qe7 26.Nc5 Qh4 27.Be1 Bg5 28.
Qxf2 Rxf2 29.Bxf2 Qh6 30.Nxb7 Kxb7 31.Rb5+ Kc8 32.Ra8 Be3 33.Rbxb8+ Kd7 
34.Bb5+ Ke7 35.Re8+ Kf7 36.Rf8+ Kg6 37.Be8+ 0-1

[Event "21st Panam-ch"]
[Site "Mar del Plata ARG"]
[Date "2012.10.17"]
[Round "7.55"]
[White "Postolski, Javier"]
[Black "Arcos Facio, Mateo"]
[Result "1-0"]
[WhiteElo "2006"]
[BlackElo "2174"]
[EventDate "2012.10.12"]
[PlyCount "117"]

1.e4 e5 2.Nf3 Nc6 3.Bb5 a6 4.Ba4 Nf6 5.Qe2 Be7 6.h3 b5 7.Bb3 O-O 8.a4 b4 
9.d3 d6 10.Nbd2 Na5 11.Nc4 Nxb3 12.cxb3 a5 13.Be3 Nd7 14.g4 c6 15.Rc1 f6 
16.Ncd2 d5 17.Nf1 Ba6 18.Ng3 dxe4 19.Nxe4 f5 20.gxf5 Rxf5 21.Ng3 Rf8 22.
Rg1 Qe8 23.Nd2 Rd8 24.Rxc6 Nb8 25.Rxa6 Nxa6 26.Qg4 Qg6 27.Nf5 Rxf5 28.Qc4+
Qf7 29.Qxa6 Bh4 30.Ne4 Kh8 31.Qc4 Qxc4 32.dxc4 Rd3 33.Ke2 Rxb3 34.Rb1 h5 
35.c5 Rf7 36.Nd2 Rxe3+ 37.fxe3 Rc7 38.Ne4 Kh7 39.Rg1 Be7 40.Rc1 Kg6 41.Kd3
Kf5 42.Rf1+ Ke6 43.Kc4 Rc8 44.Rg1 g6 45.Rxg6+ Kf5 46.Nd6+ Bxd6 47.Rxd6 Ke4
48.Re6 b3 49.c6 Kxe3 50.Rxe5+ Kf4 51.Rxa5 Rxc6+ 52.Kxb3 h4 53.Rd5 Rg6 54.
Rd3 Rb6+ 55.Ka3 Rg6 56.a5 Rg3 57.Rc3 Rg1 58.Kb4 Rg8 59.b3 1-0

[Event "21st Panam-ch"]
[Site "Mar del Plata ARG"]
[Date "2012.10.17"]
[Round "7.56"]
[White "Santopietro, Gerardo"]
[Black "Fiori, Alberto Nicolas"]
[Result "0-1"]
[WhiteElo "2006"]
[BlackElo "2159"]
[EventDate "2012.10.12"]
[PlyCount "74"]

1.e4 c5 2.Nf3 e6 3.c4 Nc6 4.Nc3 a6 5.d4 cxd4 6.Nxd4 Bb4 7.Nxc6 bxc6 8.Bd2 
e5 9.a3 Bc5 10.Be2 Nf6 11.O-O O-O 12.b4 Bd4 13.Rb1 d5 14.exd5 cxd5 15.Nxd5
Nxd5 16.cxd5 Bf5 17.Rc1 Qxd5 18.Bc4 Qb7 19.Qb3 Be4 20.Qg3 Rac8 21.Bh6 Bg6 
22.Be3 Bb2 23.Bc5 Bxc1 24.Rxc1 Rfe8 25.Re1 Kh8 26.Rxe5 f6 27.Rxe8+ Rxe8 
28.h4 Qc6 29.Qf4 Re1+ 30.Kh2 Re4 31.Qb8+ Be8 32.Bd3 Rxh4+ 33.Kg3 Rh5 34.f4
Rh1 35.Bxa6 h5 36.Bb7 Qe6 37.Qa7 h4+ 0-1

[Event "21st Panam-ch"]
[Site "Mar del Plata ARG"]
[Date "2012.10.17"]
[Round "7.57"]
[White "Lopez Miller, Indalecio"]
[Black "Souza Neves, Andrey"]
[Result "0-1"]
[WhiteElo "1940"]
[BlackElo "2147"]
[EventDate "2012.10.12"]
[PlyCount "96"]

1.e4 c5 2.Nf3 Nc6 3.d4 cxd4 4.Nxd4 Nf6 5.Nc3 d6 6.Be2 g6 7.O-O Bg7 8.Be3 
O-O 9.Qd2 d5 10.exd5 Nb4 11.Bh6 Bxh6 12.Qxh6 Qb6 13.Rfd1 Nbxd5 14.Nxd5 
Nxd5 15.c4 Nf6 16.Rab1 e5 17.Nb3 Ng4 18.Qh4 h5 19.h3 Qf6 20.Qxf6 Nxf6 21.
Nd2 Bf5 22.Rbc1 Rfe8 23.b4 e4 24.Nf1 Be6 25.Ne3 a5 26.a3 axb4 27.axb4 Ra2 
28.Rc2 Rea8 29.Rd8+ Kg7 30.Rxa8 Rxa8 31.c5 Kf8 32.h4 Ke7 33.g3 Nd7 34.Rc1 
Ne5 35.Kf1 Ra2 36.Rb1 Kd7 37.Ke1 Kc7 38.Kd1 Nd3 39.Bxd3 exd3 40.Ke1 Re2+ 
41.Kf1 Bh3+ 42.Ng2 Re4 43.Kg1 Bg4 44.Rb2 Re2 45.Rb1 d2 46.Rd1 Rxf2 47.Kxf2
Bxd1 48.Ke3 Bf3 0-1

[Event "21st Panam-ch"]
[Site "Mar del Plata ARG"]
[Date "2012.10.17"]
[Round "7.58"]
[White "Speranza, Mariano"]
[Black "Avila, Pedro Andres"]
[Result "0-1"]
[WhiteElo "1851"]
[BlackElo "2145"]
[EventDate "2012.10.12"]
[PlyCount "62"]

1.e4 c5 2.Nf3 d6 3.d4 cxd4 4.Nxd4 Nf6 5.Nc3 a6 6.Be2 e6 7.Be3 Nbd7 8.O-O 
b5 9.a3 Bb7 10.f3 Rc8 11.Qe1 Be7 12.Rd1 O-O 13.g4 Nb6 14.g5 Nfd7 15.f4 e5 
16.Nf5 exf4 17.Bxf4 d5 18.exd5 Bc5+ 19.Kh1 Re8 20.Qg3 Rxe2 21.Nh6+ Kf8 22.
Bd6+ Bxd6 23.Qxd6+ Re7 24.Nxf7 Qc7 25.Nd8+ Ke8 26.Nxb7 Qxb7 27.g6 hxg6 28.
Qxg6+ Kd8 29.Ne4 Nxd5 30.Nd6 Qc6 31.Nf7+ Rxf7 0-1

[Event "21st Panam-ch"]
[Site "Mar del Plata ARG"]
[Date "2012.10.17"]
[Round "7.60"]
[White "Arango, Andres Mauricio"]
[Black "Curotto, Nicolas"]
[Result "1-0"]
[WhiteElo "2140"]
[BlackElo "1859"]
[EventDate "2012.10.12"]
[PlyCount "107"]

1.e4 c5 2.Nf3 Nc6 3.d4 cxd4 4.Nxd4 g6 5.Nc3 Bg7 6.Be3 Nf6 7.Bc4 O-O 8.Bb3 
a5 9.f3 d5 10.Nxd5 Nxd5 11.exd5 Nb4 12.c4 a4 13.Bc2 Qb6 14.O-O Nxc2 15.
Nxc2 Qxb2 16.Bd4 Bxd4+ 17.Nxd4 Qb6 18.Kh1 Rd8 19.Rb1 Qc5 20.Qd3 e5 21.Nc2 
Bf5 22.Qc3 Rac8 23.Rxb7 Qxc4 24.Qxc4 Rxc4 25.Ne3 Rc3 26.Re1 Ra3 27.Rb2 Rd3
28.g4 Bd7 29.Kg2 f6 30.Kf2 Be8 31.Rc1 a3 32.Rbc2 Kf8 33.h4 Bf7 34.Ke2 Rd4 
35.Rc8 Ke8 36.R1c6 Bxd5 37.Rxd8+ Kxd8 38.Rd6+ Ke7 39.Rxd5 Rb4 40.Rxe5+ Kf7
41.Re7+ Kf8 42.Rd7 Rb1 43.h5 gxh5 44.gxh5 Kg8 45.Nc4 Rh1 46.Nxa3 Rh2+ 47.
Ke3 Rxa2 48.Nc4 Rc2 49.Nd2 Rc5 50.Ne4 Re5 51.f4 Re8 52.f5 Rf8 53.h6 Kh8 
54.Nxf6 1-0

[Event "21st Panam-ch"]
[Site "Mar del Plata ARG"]
[Date "2012.10.17"]
[Round "7.61"]
[White "Saitta, Jorge"]
[Black "Ferreira, Kleber Victor"]
[Result "1-0"]
[WhiteElo "1847"]
[BlackElo "2121"]
[EventDate "2012.10.12"]
[PlyCount "109"]

1.e4 e5 2.Nf3 Nc6 3.Bc4 Bc5 4.c3 Qf6 5.d4 Bb6 6.O-O h6 7.dxe5 Nxe5 8.Nxe5 
Qxe5 9.Qb3 Qe7 10.e5 h5 11.Nd2 Nh6 12.Nf3 O-O 13.Bxh6 gxh6 14.Rfe1 Kh8 15.
Rad1 Bc5 16.Qc2 Rg8 17.Qf5 d5 18.Qxh5 Rg6 19.Nh4 Rg7 20.Bd3 Qg5 21.Qxg5 
hxg5 22.Nf5 Bxf5 23.Bxf5 c6 24.b4 Be7 25.a4 Rgg8 26.b5 Rgd8 27.Rb1 Rab8 
28.Re3 Kg7 29.Rh3 c5 30.Rh7+ Kg8 31.Rd1 Bf8 32.Rd3 Bg7 33.Rh5 Bxe5 34.
Rxg5+ Kf8 35.Bg4 f6 36.Rf5 d4 37.c4 Ke7 38.f4 Bd6 39.h4 Rh8 40.h5 Rbg8 41.
Bf3 b6 42.g4 Rg7 43.Kg2 Rhg8 44.Kh3 Re8 45.Kh4 Ke6 46.Rd2 Be7 47.Re2+ Kd6 
48.Bc6 Reg8 49.Rd5+ Kc7 50.Rd7+ Kc8 51.Rexe7 Rxg4+ 52.Kh3 Rg3+ 53.Kh2 R3g4
54.Rc7+ Kb8 55.Rb7+ 1-0

[Event "21st Panam-ch"]
[Site "Mar del Plata ARG"]
[Date "2012.10.17"]
[Round "7.63"]
[White "Ayala, Gustavo"]
[Black "Leskovar, Matias"]
[Result "0-1"]
[WhiteElo "1955"]
[BlackElo "2283"]
[EventDate "2012.10.12"]
[PlyCount "88"]

1.e4 e5 2.Nf3 d6 3.d4 exd4 4.Qxd4 Nc6 5.Bb5 Bd7 6.Bxc6 bxc6 7.c4 Nf6 8.Bg5
Be7 9.Nc3 O-O 10.O-O-O c5 11.Qd2 Be6 12.e5 dxe5 13.Qxd8 Rfxd8 14.Rxd8+ 
Bxd8 15.Rd1 h6 16.Bh4 Bg4 17.h3 Bxf3 18.gxf3 Be7 19.Bxf6 Bxf6 20.Ne4 Bh4 
21.Rd5 Re8 22.Rxc5 Re7 23.Rd5 f5 24.Ng3 g6 25.Kd2 Kf7 26.Ke2 e4 27.fxe4 f4
28.Nf1 Rxe4+ 29.Kd3 Re1 30.Nd2 Bxf2 31.Rd7+ Ke6 32.Rxc7 Re3+ 33.Kc2 Rxh3 
34.c5 g5 35.b4 g4 36.Rxa7 Bd4 37.Ra6+ Kf5 38.c6 Rc3+ 39.Kd1 g3 40.Nb3 Rxb3
41.Ra5+ Ke4 42.c7 g2 43.axb3 g1=Q+ 44.Kc2 Qf2+ 0-1

[Event "21st Panam-ch"]
[Site "Mar del Plata ARG"]
[Date "2012.10.17"]
[Round "7.64"]
[White "Fiora, Emilio"]
[Black "Barea, Luis"]
[Result "1-0"]
[WhiteElo "1954"]
[BlackElo "2245"]
[EventDate "2012.10.12"]
[PlyCount "135"]

1.e4 e6 2.d4 d5 3.Nc3 Bb4 4.a3 Bxc3+ 5.bxc3 dxe4 6.Qg4 Nf6 7.Qxg7 Rg8 8.
Qh6 Rg6 9.Qd2 c5 10.Ne2 Nc6 11.Bb2 Qa5 12.O-O-O cxd4 13.cxd4 Qxd2+ 14.Rxd2
e3 15.fxe3 Ne4 16.Nf4 Nxd2 17.Kxd2 Rg5 18.Bd3 f5 19.g3 Bd7 20.d5 exd5 21.
Nxd5 Kf7 22.e4 fxe4 23.Bxe4 Bh3 24.Nf4 Rd8+ 25.Kc1 Bf5 26.Bd5+ Rxd5 27.
Nxd5 Be4 28.Rf1+ Rf5 29.Rxf5+ Bxf5 30.Kd2 Ke6 31.Nf4+ Kd6 32.Bg7 Ke7 33.c4
Kf7 34.Bc3 Ke7 35.c5 Kf7 36.Ke3 Bc2 37.Nd5 Ke6 38.Nc7+ Kd7 39.Nb5 Ba4 40.
Nd6 b6 41.Ne4 Bc2 42.cxb6 axb6 43.Bd4 Kc7 44.Nf6 Nxd4 45.Kxd4 Kd6 46.g4 
Ke6 47.Nd5 Bd1 48.h3 Bf3 49.Nf4+ Kf6 50.Ke3 Bc6 51.h4 h6 52.Nd3 Ba4 53.Ke4
Bc6+ 54.Kf4 Ba4 55.Nb4 Bb3 56.Nc6 Bc2 57.Nd4 Bd3 58.Nf5 h5 59.g5+ Kg6 60.
Ne7+ Kf7 61.Nd5 b5 62.Ke5 Bc2 63.Nf4 Bd1 64.g6+ Kg7 65.Kf5 Kh6 66.Kf6 Bb3 
67.Nd3 Bc2 68.Ne5 1-0

[Event "21st Panam-ch"]
[Site "Mar del Plata ARG"]
[Date "2012.10.17"]
[Round "7.65"]
[White "Arias, Juan Carlos"]
[Black "Freitas, Julio Eimard de"]
[Result "1/2-1/2"]
[WhiteElo "2215"]
[BlackElo "1882"]
[EventDate "2012.10.12"]
[PlyCount "42"]

1.Nf3 d5 2.d4 Nf6 3.c4 c6 4.cxd5 cxd5 5.Nc3 Nc6 6.Bf4 Bf5 7.e3 e6 8.Bb5 
Bb4 9.Qa4 O-O 10.Bxc6 Bxc3+ 11.bxc3 bxc6 12.Ne5 a5 13.f3 h6 14.O-O Ra6 15.
c4 Nh5 16.cxd5 cxd5 17.Rac1 Nxf4 18.exf4 Qd6 19.Nd7 Rfa8 20.Nc5 Rb6 21.g3 
Rb4 1/2-1/2

[Event "21st Panam-ch"]
[Site "Mar del Plata ARG"]
[Date "2012.10.17"]
[Round "7.66"]
[White "Restuccia, Francisco"]
[Black "Argote Heredia, Valentina"]
[Result "1-0"]
[WhiteElo "2118"]
[BlackElo "1856"]
[EventDate "2012.10.12"]
[PlyCount "69"]

1.e4 c5 2.Nf3 d6 3.d4 cxd4 4.Nxd4 Nf6 5.Nc3 a6 6.h3 e6 7.g4 b5 8.Bg2 Bb7 
9.g5 Nfd7 10.Be3 Nb6 11.Qg4 N8d7 12.g6 hxg6 13.Nxe6 Qc8 14.Nxf8 Kxf8 15.
Qg3 Nc4 16.O-O Kg8 17.Bd4 Nde5 18.Bxe5 dxe5 19.b3 b4 20.Nd5 Bxd5 21.exd5 
Nd2 22.Rfe1 e4 23.Re2 Nf3+ 24.Kf1 Qf5 25.Rd1 Rd8 26.d6 Rh5 27.Rxe4 Qxe4 
28.Bxf3 Qxc2 29.Bxh5 gxh5 30.Qf3 Qxa2 31.d7 Qc2 32.Re1 Kf8 33.Qd5 g6 34.
Re8+ Kg7 35.Qe5+ 1-0

[Event "21st Panam-ch"]
[Site "Mar del Plata ARG"]
[Date "2012.10.17"]
[Round "7.67"]
[White "Hernandez Amura, Gilberto"]
[Black "Salvatti, Diego"]
[Result "1-0"]
[WhiteElo "1851"]
[BlackElo "2112"]
[EventDate "2012.10.12"]
[PlyCount "69"]

1.d4 e6 2.Nf3 c5 3.e3 Nc6 4.g3 d5 5.Bg2 Nf6 6.O-O Qb6 7.c4 cxd4 8.exd4 Be7
9.Nc3 dxc4 10.Ne5 Nxe5 11.dxe5 Nd7 12.Qg4 Kf8 13.Re1 Qc5 14.Bf4 h5 15.Qe2 
Rb8 16.a4 g5 17.Ne4 Qc7 18.Nxg5 b5 19.axb5 Rxb5 20.Ne4 Qb8 21.Qxc4 Nxe5 
22.Bxe5 Rxe5 23.Qd4 f6 24.Kh1 h4 25.Rxa7 hxg3 26.fxg3 Rd5 27.Qf2 Rf5 28.
Qd4 Re5 29.Qa4 Qxb2 30.Qc6 Kf7 31.Rf1 Reh5 32.Rxf6+ Qxf6 33.Nxf6 Rxh2+ 34.
Kg1 Kxf6 35.Qf3+ 1-0

[Event "21st Panam-ch"]
[Site "Mar del Plata ARG"]
[Date "2012.10.17"]
[Round "7.68"]
[White "Vazquez Massaro, Maximiliano"]
[Black "Rodriguez, Carolina"]
[Result "1-0"]
[WhiteElo "2112"]
[BlackElo "1776"]
[EventDate "2012.10.12"]
[PlyCount "71"]

1.d4 Nf6 2.c4 g6 3.Nc3 Bg7 4.e4 d6 5.Nf3 O-O 6.Be2 e5 7.O-O Nc6 8.d5 Ne7 
9.b4 Ne8 10.c5 f5 11.Nd2 Nf6 12.Ba3 Rf7 13.f3 f4 14.Nc4 Bf8 15.cxd6 cxd6 
16.b5 Ne8 17.Qb3 Kh8 18.Rfd1 Ng8 19.Bb4 Rg7 20.Nxe5 dxe5 21.Bxf8 Rd7 22.
Bb4 g5 23.Na4 b6 24.Bc3 Qf6 25.Nb2 Ne7 26.Nc4 Ng6 27.Qb2 Rc7 28.Bxe5 Nxe5 
29.Qxe5 Qxe5 30.Nxe5 Nd6 31.Nc6 a6 32.a4 Kg7 33.g4 a5 34.e5 Nf7 35.d6 Rb7 
36.Bc4 1-0

[Event "21st Panam-ch"]
[Site "Mar del Plata ARG"]
[Date "2012.10.17"]
[Round "7.69"]
[White "Epelboin, Matias"]
[Black "Chiari, Arthur Gontijo"]
[Result "0-1"]
[WhiteElo "1941"]
[BlackElo "2098"]
[EventDate "2012.10.12"]
[PlyCount "58"]

1.e4 c5 2.Nf3 d6 3.d4 cxd4 4.Nxd4 Nf6 5.Nc3 a6 6.Bc4 e6 7.Bb3 Nbd7 8.f4 
Nc5 9.f5 Be7 10.O-O O-O 11.fxe6 fxe6 12.Nf5 Nxb3 13.Nxe7+ Qxe7 14.axb3 h6 
15.Qe1 Bd7 16.Qh4 Bc6 17.Rf3 Rf7 18.Re3 Raf8 19.Bd2 Qd8 20.Ree1 Qb6+ 21.
Be3 Qb4 22.Qg3 Kh7 23.e5 dxe5 24.Qxe5 Qg4 25.Qg3 Qf5 26.Qf2 Qg6 27.Qd2 Rd7
28.Qe2 Ng4 29.Bb6 Nf2 0-1

[Event "21st Panam-ch"]
[Site "Mar del Plata ARG"]
[Date "2012.10.17"]
[Round "7.71"]
[White "Sperb, Eduardo Quintana"]
[Black "Ezcurra, Mariano"]
[Result "1-0"]
[WhiteElo "2040"]
[BlackElo "1560"]
[EventDate "2012.10.12"]
[PlyCount "85"]

1.e4 c5 2.Nf3 e6 3.d3 Nc6 4.Nbd2 d5 5.g3 Nf6 6.Bg2 Be7 7.O-O O-O 8.e5 Nd7 
9.Re1 Qc7 10.Qe2 Nb4 11.Nf1 b6 12.Bf4 Bb7 13.c3 Nc6 14.h4 Rfe8 15.N1h2 Qd8
16.Bh3 Nf8 17.h5 h6 18.Qd2 Nh7 19.Bf1 Bg5 20.a3 d4 21.c4 Na5 22.Rab1 Bxf3 
23.Nxf3 Bxf4 24.Qxf4 Ng5 25.Nd2 Nc6 26.Bg2 Rb8 27.Kh2 Ne7 28.b4 Qc7 29.b5 
Qd8 30.a4 Rf8 31.Qg4 Nf5 32.Ra1 Qe7 33.a5 Rfc8 34.axb6 axb6 35.Ra6 Rc7 36.
Rea1 Rcc8 37.Qf4 Qd7 38.g4 Ne7 39.Qg3 Rc7 40.f4 Nh7 41.Ne4 f5 42.Nd6 fxg4 
43.Qxg4 1-0

[Event "21st Panam-ch"]
[Site "Mar del Plata ARG"]
[Date "2012.10.17"]
[Round "7.72"]
[White "Etchevest, Marcelo"]
[Black "Rivas, Lucas"]
[Result "0-1"]
[WhiteElo "1744"]
[BlackElo "1987"]
[EventDate "2012.10.12"]
[PlyCount "166"]

1.e4 e5 2.Bc4 Nf6 3.Nc3 Bc5 4.d3 d6 5.Na4 Nbd7 6.Nxc5 Nxc5 7.f4 Be6 8.fxe5
dxe5 9.Be3 Bxc4 10.Bxc5 Nd7 11.Be3 Be6 12.Nf3 f6 13.O-O Qe7 14.Qe1 c5 15.
a4 O-O 16.Nh4 Rfd8 17.Nf5 Bxf5 18.exf5 Nb8 19.Qh4 Nd7 20.Rf3 Rab8 21.Rh3 
Nf8 22.Rf1 Qf7 23.b3 b6 24.Rg3 Kh8 25.Rg4 Rd7 26.Rf3 Rd4 27.Bxd4 cxd4 28.
c4 dxc3 29.Rc4 Rd8 30.Rxc3 Nd7 31.Qc4 Qf8 32.b4 Qe8 33.Qc7 Nf8 34.Re3 h6 
35.Qxa7 Ra8 36.Qb7 Qxa4 37.Rc1 Rd8 38.Qxb6 Qd7 39.Qc5 Qxf5 40.b5 Ne6 41.
Qc4 Qg5 42.Rg3 Qd2 43.Qc3 Qa2 44.Rf3 Nd4 45.Rf2 Ne2+ 46.Rxe2 Qxe2 47.Re1 
Qxd3 48.Qxd3 Rxd3 49.Rb1 Rd8 50.Kf2 Kg8 51.Ke3 Kf7 52.b6 Ke6 53.g4 Rb8 54.
Ke4 Rb7 55.h4 g6 56.h5 f5+ 57.Ke3 fxg4 58.hxg6 Kf6 59.Ke4 Kxg6 60.Kxe5 Kg5
61.Kd5 g3 62.Kc6 Rb8 63.Kc7 Rxb6 64.Kxb6 Kf4 65.Rb4+ Kf3 66.Rb3+ Kf2 67.
Rb2+ Kf1 68.Rb1+ Kf2 69.Rb2+ Kf3 70.Rb3+ Kg4 71.Rb4+ Kh3 72.Rb5 g2 73.Rh5+
Kg4 74.Rxh6 g1=Q+ 75.Kb7 Qc5 76.Rb6 Kf5 77.Ka6 Qc4+ 78.Ka7 Ke5 79.Kb7 Kd5 
80.Ka7 Qc7+ 81.Rb7 Qa5+ 82.Kb8 Kc6 83.Ra7 Qd8# 0-1

[Event "21st Panam-ch"]
[Site "Mar del Plata ARG"]
[Date "2012.10.17"]
[Round "7.74"]
[White "Bulgarini Torre, Marco"]
[Black "Besso, Javier Alejandro"]
[Result "1-0"]
[WhiteElo "1977"]
[BlackElo "1751"]
[EventDate "2012.10.12"]
[PlyCount "71"]

1.e4 c5 2.Nc3 d6 3.g3 g6 4.Bg2 Bg7 5.d3 Nc6 6.Nh3 e6 7.O-O Nge7 8.Be3 O-O 
9.Qd2 e5 10.Bh6 f5 11.Bxg7 Kxg7 12.f4 Be6 13.Ng5 Qd7 14.Nxe6+ Qxe6 15.Rae1
Rae8 16.Nd5 Qd7 17.Ne3 b5 18.Bh3 d5 19.exf5 Nxf5 20.Nxf5+ gxf5 21.fxe5 
Nxe5 22.d4 Nc4 23.Qg5+ Kh8 24.dxc5 Ne5 25.Qf4 Qg7 26.Bxf5 Qf6 27.g4 d4 28.
Re4 Nc4 29.Qc7 Qh6 30.Rxe8 Rxe8 31.Qd7 Qe3+ 32.Kh1 Re7 33.Qd8+ Kg7 34.Bd3 
Re8 35.Qf6+ Kg8 36.Qf7+ 1-0

[Event "21st Panam-ch"]
[Site "Mar del Plata ARG"]
[Date "2012.10.17"]
[Round "7.76"]
[White "Alvarez, Agustin"]
[Black "Judewicz, Alejandro"]
[Result "0-1"]
[WhiteElo "1863"]
[BlackElo "2084"]
[EventDate "2012.10.12"]
[PlyCount "44"]

1.Nf3 e6 2.g3 d5 3.Bg2 Nf6 4.O-O Be7 5.d3 O-O 6.Nbd2 c5 7.e4 Nc6 8.e5 Nd7 
9.Re1 f6 10.exf6 Bxf6 11.Bh3 Nde5 12.Nxe5 Nxe5 13.f4 Nc6 14.Bxe6+ Bxe6 15.
Rxe6 Qd7 16.Re1 Rae8 17.Nf3 Rxe1+ 18.Qxe1 Re8 19.Qf1 Nd4 20.Nxd4 Bxd4+ 21.
Kh1 Qg4 22.c3 Re1 0-1

[Event "21st Panam-ch"]
[Site "Mar del Plata ARG"]
[Date "2012.10.17"]
[Round "7.77"]
[White "Lo Presti, Roberto"]
[Black "Brizzi, Milagros Tatiana"]
[Result "1-0"]
[WhiteElo "2065"]
[BlackElo "1839"]
[EventDate "2012.10.12"]
[PlyCount "35"]

1.e4 c5 2.Nf3 e6 3.d4 cxd4 4.Nxd4 a6 5.Nc3 Qc7 6.g3 Bb4 7.Bd2 Nf6 8.Bg2 b5
9.O-O Bb7 10.Ncxb5 axb5 11.Bxb4 Qc4 12.c3 Ba6 13.e5 Nd5 14.b3 Qc7 15.Bxd5 
exd5 16.Nf5 Kd8 17.Nd6 Rf8 18.Qg4 1-0

[Event "21st Panam-ch"]
[Site "Mar del Plata ARG"]
[Date "2012.10.17"]
[Round "7.78"]
[White "Romero, Fabian"]
[Black "Figar, Nicolas"]
[Result "1-0"]
[WhiteElo "2058"]
[BlackElo "1802"]
[EventDate "2012.10.12"]
[PlyCount "91"]

1.e4 e5 2.Nf3 Nc6 3.Bc4 Bc5 4.Nc3 Nf6 5.d3 d6 6.Bg5 Na5 7.Nd5 Nxc4 8.dxc4 
c6 9.Nxf6+ gxf6 10.Bh4 Bg4 11.h3 Be6 12.Qe2 Rg8 13.Nd2 Qe7 14.Nb3 Bb6 15.
Qf3 Rg6 16.Nd2 Kd7 17.b4 Rag8 18.Bg3 Ke8 19.a4 a5 20.c3 Qd7 21.Rd1 c5 22.
b5 Bd8 23.Qe2 f5 24.exf5 Bxf5 25.Nf3 Qe6 26.Rd5 Kf8 27.Nxe5 dxe5 28.Rxd8+ 
Ke7 29.Rxg8 Rxg8 30.O-O f6 31.Rd1 Rd8 32.Re1 Bd3 33.Qh5 Qf5 34.Qh4 Kf7 35.
Rxe5 fxe5 36.Qxd8 Bxc4 37.Qc7+ Kf6 38.Qxc5 Bf1 39.Qxe5+ Qxe5 40.Bxe5+ Kxe5
41.Kxf1 Kd5 42.f4 Kc4 43.f5 Kb3 44.f6 Kxa4 45.f7 Kb3 46.f8=Q 1-0

[Event "21st Panam-ch"]
[Site "Mar del Plata ARG"]
[Date "2012.10.17"]
[Round "7.79"]
[White "Oliveira, Francemir Barra de"]
[Black "Schuh, Astor Jose"]
[Result "1-0"]
[WhiteElo "1799"]
[BlackElo "2055"]
[EventDate "2012.10.12"]
[PlyCount "95"]

1.e4 c5 2.Nf3 Nc6 3.d4 cxd4 4.Nxd4 e5 5.Nf3 Bc5 6.a3 Qb6 7.Qd2 Nf6 8.Bd3 
a5 9.O-O h6 10.Kh1 g5 11.Nc3 Qd8 12.Nd5 d6 13.c3 Nxd5 14.exd5 Ne7 15.b4 
Bb6 16.Bb2 Bd7 17.c4 axb4 18.axb4 Rxa1 19.Rxa1 g4 20.Ne1 f6 21.Nc2 h5 22.
Ba3 Qc7 23.Ne3 f5 24.Rc1 f4 25.Nf1 Bd4 26.Qc2 Kf7 27.Qb3 Kf6 28.Nd2 h4 29.
Ne4+ Kg7 30.c5 Nf5 31.cxd6 Qb6 32.Rc7 Bxf2 33.Qa4 Ng3+ 34.Nxg3 Qxc7 35.
dxc7 Bxa4 36.Nf5+ Kf6 37.b5 e4 38.Bxe4 Bxb5 39.Bb2+ Kg5 40.Bxh8 Bd7 41.d6 
Bc5 42.Be5 f3 43.gxf3 gxf3 44.Nd4 b5 45.Nxf3+ Kg4 46.Nd4 Bxd4 47.Bxd4 Kf4 
48.Bb7 1-0

[Event "21st Panam-ch"]
[Site "Mar del Plata ARG"]
[Date "2012.10.17"]
[Round "7.80"]
[White "Conde, Adrian"]
[Black "Baquero, Yuri Paola"]
[Result "1-0"]
[WhiteElo "2053"]
[BlackElo "1780"]
[EventDate "2012.10.12"]
[PlyCount "49"]

1.d4 e6 2.e4 d5 3.Nc3 Bb4 4.Ne2 h6 5.a3 Ba5 6.Ng3 Nf6 7.e5 Nfd7 8.b4 Bb6 
9.Qg4 g6 10.Bd3 Nf8 11.h4 Nc6 12.Nce2 Ne7 13.c3 a5 14.Rb1 axb4 15.axb4 c6 
16.h5 g5 17.f4 f5 18.exf6 Nf5 19.Nxf5 exf5 20.Bxf5 Kf7 21.fxg5 hxg5 22.
Bg6+ Nxg6 23.hxg6+ Kxf6 24.Qxg5+ Kg7 25.Qe5+ 1-0

[Event "21st Panam-ch"]
[Site "Mar del Plata ARG"]
[Date "2012.10.17"]
[Round "7.81"]
[White "Perez Wertheim, Rodolfo"]
[Black "Mendez, Nicolas"]
[Result "1-0"]
[WhiteElo "2015"]
[BlackElo "1744"]
[EventDate "2012.10.12"]
[PlyCount "47"]

1.d4 Nf6 2.Nf3 e6 3.Bf4 c5 4.e3 Qb6 5.Nc3 cxd4 6.Nb5 Na6 7.exd4 Nd5 8.Bg3 
d6 9.Nd2 Qd8 10.Nc4 Be7 11.Ncxd6+ Kf8 12.Qf3 Nf6 13.c3 Qb6 14.Bd3 Bd7 15.
a4 Bc6 16.Ne4 Bd5 17.O-O h6 18.Rfe1 Qc6 19.Qe2 Nxe4 20.Bxe4 g6 21.Qf3 Bxe4
22.Rxe4 f5 23.Rae1 Kf7 24.Rxe6 1-0

[Event "21st Panam-ch"]
[Site "Mar del Plata ARG"]
[Date "2012.10.17"]
[Round "7.82"]
[White "Maldonado, Federico"]
[Black "Aguero Arce, Matias"]
[Result "1/2-1/2"]
[WhiteElo "1973"]
[BlackElo "1633"]
[EventDate "2012.10.12"]
[PlyCount "49"]

1.d4 Nf6 2.c4 e6 3.Nc3 Bb4 4.Qc2 O-O 5.Bg5 d5 6.Nf3 Nbd7 7.e3 c6 8.Bd3 h6 
9.Bh4 Be7 10.O-O dxc4 11.Bxc4 Nd5 12.Bxe7 Qxe7 13.Rfe1 N5b6 14.Bb3 e5 15.
Rad1 Re8 16.a4 e4 17.Nd2 Nf6 18.a5 Nbd5 19.Nc4 Nb4 20.Qb1 Nd3 21.Rf1 Bf5 
22.Bc2 Nb4 23.Bb3 Nd3 24.Bc2 Nb4 25.Bb3 1/2-1/2

[Event "21st Panam-ch"]
[Site "Mar del Plata ARG"]
[Date "2012.10.17"]
[Round "7.90"]
[White "Perez Velazco, Daniela"]
[Black "Besso, Guadalupe"]
[Result "0-1"]
[WhiteElo "1465"]
[BlackElo "1730"]
[EventDate "2012.10.12"]
[PlyCount "70"]

1.d4 Nf6 2.Nc3 d5 3.Bg5 g6 4.Qd2 Bg7 5.Bh6 O-O 6.Bxg7 Kxg7 7.O-O-O c6 8.h4
h5 9.Nf3 Qa5 10.Kb1 Na6 11.Ne5 Bf5 12.a3 Rfc8 13.f3 b5 14.g4 Be6 15.gxh5 
Nxh5 16.Ng4 Rh8 17.Ne5 Qb6 18.e4 Rab8 19.exd5 Bxd5 20.Nxd5 cxd5 21.Nd7 Qd6
22.Nxb8 Rxb8 23.Qa5 Ng3 24.Rg1 Nxf1 25.Rgxf1 b4 26.axb4 Nxb4 27.Qa3 Qc6 
28.c3 Na6 29.b4 Qc4 30.Qb2 Nxb4 31.Rc1 Nc6 32.Qxb8 Nxb8 33.Kc2 Nc6 34.Kd2 
e5 35.dxe5 Nxe5 0-1

[Event "21st Panam-ch"]
[Site "Mar del Plata ARG"]
[Date "2012.10.17"]
[Round "7.91"]
[White "Zalimben, Maria Luz"]
[Black "Caceres Recalde, Gonzalo"]
[Result "1-0"]
[WhiteElo "1714"]
[BlackElo "1582"]
[EventDate "2012.10.12"]
[PlyCount "119"]

1.d4 Nf6 2.c4 g6 3.Nc3 Bg7 4.e4 d6 5.f4 O-O 6.Nf3 Bg4 7.Be2 Nbd7 8.O-O 
Bxf3 9.Bxf3 e5 10.fxe5 dxe5 11.d5 Qe7 12.Qe2 a5 13.Be3 Nc5 14.Rad1 Rad8 
15.Qc2 Ne8 16.a3 Na6 17.Qa4 Nd6 18.c5 Ne8 19.Qxa5 Qh4 20.c6 Nd6 21.Bf2 Qe7
22.cxb7 Nb8 23.Nb5 Nxb7 24.Qxc7 Rd7 25.Qc2 f5 26.Rc1 Bh6 27.Rcd1 Na6 28.
Na7 Qd6 29.Qc6 Rf6 30.b4 Qe7 31.Qc4 Nb8 32.Nc6 Qe8 33.a4 Nd6 34.Qb3 Kh8 
35.Rfe1 fxe4 36.Bxe4 Nxe4 37.Rxe4 Nxc6 38.dxc6 Rxd1+ 39.Qxd1 Qxc6 40.Re2 
Qe8 41.Bc5 Bg7 42.Rd2 Rf8 43.Bxf8 Bxf8 44.Rd8 Qe7 45.b5 Qa7+ 46.Kh1 Qe7 
47.Rd7 Qe8 48.Qd5 e4 49.Qd4+ Kg8 50.Qc4+ Kh8 51.Rd4 Qe5 52.Rd1 e3 53.Re1 
Bd6 54.Qc8+ Kg7 55.Qd7+ Kh6 56.Qh3+ Kg7 57.Qg3 Qd4 58.Qxe3 Qxa4 59.Qc3+ 
Kg8 60.Qc8+ 1-0